States Higher than Florida Quiz Stats

 Plays Quiz Updated Aug 2, 2014

Support Sporcle.
Go Orange.
Score 0/16 Timer 01:30
2 Plays Today
Lowest Elevation State % Correct
3,315 ftColorado
92.8%
1,800 ftMontana
85%
750 ftNorth Dakota
79.9%
966 ftSouth Dakota
79%
3,099 ftWyoming
78.9%
2,000 ftUtah
78.3%
710 ftIdaho
77.9%
479 ftNevada
66.5%
Lowest Elevation State % Correct
840 ftNebraska
65.2%
679 ftKansas
64.9%
2,842 ftNew Mexico
64.8%
601 ftMinnesota
59.8%
480 ftIowa
57.3%
571 ftMichigan
51.1%
579 ftWisconsin
49.1%
455 ftOhio
47%

You're not logged in!

Compare scores with friends on all Sporcle quizzes.
OR
Log In

From the Vault

2018 Winter Olympic Games (Paint by Country)

by kfastic

If you get 100% on this, you definitely deserve the gold.
Remove Ads.
Support Sporcle.
Get the best of Sporcle when you Go Orange. This ad-free experience offers more features, more stats, and more fun while also helping to support Sporcle. Thank you for becoming a member.

Show Comments

Extras

Top Quizzes Today


Score Distribution

Your Account Isn't Verified!

In order to create a playlist on Sporcle, you need to verify the email address you used during registration. Go to your Sporcle Settings to finish the process.

Report this User

Report this user for behavior that violates our Community Guidelines.

Details: